| 000 | 00937nam a2200289 a 4500 | ||
|---|---|---|---|
| 001 | BRL_1644 | ||
| 005 | 20190320211314.0 | ||
| 008 | 210414s1986----mx-a######---#000-0#spa-# | ||
| 020 | _a9684300417 | ||
| 041 | _aspa | ||
| 044 | _amx | ||
| 050 | 4 |
_aF1219 _b.H86 1986 |
|
| 100 | 1 |
_aHumboldt, Alexander von _d1769-1859 _927520 |
|
| 245 | 1 | 0 |
_aAportaciones a la antropología mexicana _cAlejandro de Humboldt ; estudio y traducción de Jaime Labastida. |
| 250 | _a2a ed. corregida | ||
| 260 |
_aMéxico _bKatún _c1986 |
||
| 300 |
_alxx, 364 p. _bil., láminas _c21 cm. |
||
| 440 | 0 |
_aLos pueblos y el tiempo _v3 _927521 |
|
| 500 | _aAu1876 | ||
| 501 | _aEstado físico: Las hojas se estan desprendiendo. | ||
| 650 | 1 | 4 |
_aIndígenas de México _xAntigüedades _9509 |
| 650 | 1 | 4 |
_aAntropología _zMéxico _927522 |
| 651 | 4 |
_aMéxico _xAntigüedades _92765 |
|
| 700 | 1 |
_aLabastida, Jaime _etr. _927523 |
|
| 902 | _aGRL | ||
| 942 |
_2lcc _cB |
||
| 999 |
_c10453 _d10453 |
||